| 000 | 00789cam a22002651 4500 | ||
|---|---|---|---|
| 001 | sa 68000411 | ||
| 003 | DLC | ||
| 005 | 20260227112423.0 | ||
| 008 | 940615s1965 pk 000 0 urdo | ||
| 010 | _asa 68000411 | ||
| 025 | _aPL480:P-U-1522 | ||
| 035 | _a(OCoLC)30612440 | ||
| 040 |
_aDLC _cCU _dCU _dDLC |
||
| 041 | 0 | _aurdben | |
| 042 | _apremarc | ||
| 050 | 0 | 0 |
_aPK1661.5 _b.S45 1965 |
| 100 | 1 |
_aShehabuddin, Qazi Mohammad, _d1923- |
|
| 245 | 1 | 0 | _aShahāb Banglah-Urdū ṭīcar. |
| 260 | _c1965. | ||
| 300 |
_a160 p. _c22 cm. |
||
| 500 | _aEarlier edition published under title: Śehāba Bāṃlā Uradū ṭicāra. | ||
| 500 | _aUrdu and Bengali. | ||
| 650 | 0 |
_aBengali language _xTextbooks for foreign speakers _xUrdu. |
|
| 740 | 0 | _aŚehāba Bāṃlā Uradū ṭicāra. | |
| 999 |
_c77194 _d77194 |
||